000
00286nam a22001337a 4500
008
180301b xxu||||| |||| 00| 0 eng d
020
_a
9780078687198
041
_a
eng
080
_a
336
100
_a
55
101
_a
FIN
245
_a
Personal finance
_c
Kapoor,J.R
942
_2
udc
_c
BK
999
_c
43742
_d
43742